[Играют] Лауреаты международного конкурса имени П. Чайковского (Запись № 13285038)

Подробности
000 -МАРКЕР
контрольное поле 04711njm0a2200469 4500
001 - ИДЕНТИФИКАТОР ЗАПИСИ
контрольное поле RU\NLR\ONIZ\297513
005 - ИДЕНТИФИКАТОР ВЕРСИИ
контрольное поле 20250708193719.0
035 ## - ДРУГИЕ СИСТЕМНЫЕ НОМЕРА
Идентификатор записи (NLR Aleph) 016323473
071 00 - ИЗДАТЕЛЬСКИЙ НОМЕР
Номер, присвоенный агентством Д-4370-1
100 ## - ДАННЫЕ ОБЩЕЙ ОБРАБОТКИ
Данные общей обработки 20220324f19001999|||y0rusy50 ca
102 ## - СТРАНА ПУБЛИКАЦИИ ИЛИ ПРОИЗВОДСТВА
Страна публикации российская федерация
126 ## - ПОЛЕ КОДИРОВАННЫХ ДАННЫХ: ЗВУКОЗАПИСИ - ФИЗИЧЕСКИЕ ХАРАКТЕРИСТИКИ
Кодированные данные звукозаписи (общие) abaxdxu ux
Кодированные данные звукозаписи (уточнения) xxx
127 ## - ПОЛЕ КОДИРОВАННЫХ ДАННЫХ: ПРОДОЛЖИТЕЛЬНОСТЬ ЗВУКОЗАПИСЕЙ И НОТНЫХ ИЗДАНИЙ (МУЗЫКАЛЬНОЕ ИСПОЛНЕНИЕ)
Продолжительность 002500
200 1# - ЗАГЛАВИЕ И СВЕДЕНИЯ ОБ ОТВЕТСТВЕННОСТИ
Основное заглавие [Играют] Лауреаты международного конкурса имени П. Чайковского
Общее обозначение материала Звукозапись
Сведения, относящиеся к заглавию М. Лубоцкий, скрипка, Г. Мирвис, В. Ямпольский, фортепиано
203 ## - ВИД СОДЕРЖАНИЯ И ТИП СРЕДСТВА
Вид содержания Музыка
Дополнительные сведения об издании исполнительская
Тип средства аудио
210 ## - ПУБЛИКАЦИЯ, РАСПРОСТРАНЕНИЕ И ДР.
Место издания, распространения и т.д. Ленинград
Имя издателя, распространителя и т. д. Ленинградский совнархоз УХП
Имя изготовителя Завод грампластинок
Место изготовления Ленинград
Дата издания, распространения и т.д. [19--]
215 ## - ФИЗИЧЕСКАЯ ХАРАКТЕРИСТИКА
Специфическое обозначение материала и объем 1 грп. [ГОСТ 5289-56] (25 мин) : 33 об/мин, моно
Размеры 25 см, в конв.
327 1# - ПРИМЕЧАНИЯ О СОДЕРЖАНИИ
Текст примечания 1. Соната № 4 для скрипки и фортепиано : ми минор / В. Моцарт.
-- 2. Соната-баллада № 3 для скрипки соло : ре минор : соч. 27 / Э. Изаи.
-- 3. Мелодия : соч. 42 № 3 / П. Чайковский.
-- 4. Полонез : Ре мажор : соч. 4 / Г. Венявский
464 #0 - АНАЛИТИЧЕСКИЙ УРОВЕНЬ
Встроенное поле 2001#$aСоната № 4 для скрипки и фортепиано$eми минор$fВ. Моцарт
-- 6061#$aСонаты для скрипки и фортепиано$yАвстрия$z18 век$jЗвукозапись$2nlr_sh
-- 6890#$aЩ955.4-041(4А)
-- 700#1$9z01790$aМоцарт$bВ. А.$gВольфганг Амадей$f1756-1791$4230$7ca
-- 790#1$9z01700$aMozart$bW. A.$gWolfgang Amadeus$f1756-1791$4230$7ba
Заглавие Соната № 4 для скрипки и фортепиано
Автор Моцарт, Вольфганг Амадей (1756-1791)
464 #0 - АНАЛИТИЧЕСКИЙ УРОВЕНЬ
Встроенное поле 2001#$aСоната-баллада № 3 для скрипки соло$eре минор$eсоч. 27$fЭ. Изаи
-- 6061#$aСонаты для скрипки и фортепиано$yБельгия$z19-20 вв.$jЗвукозапись$2nlr_sh$7ca
-- 6890#$aЩ955.4-041(4Б)
-- 700#1$9z01790$aИзаи$bЭ.$gЭжен$cкомпозитор, скрипач, дирижер$f1858-1931$4230$7ca
-- 790#1$9z01700$aIzai$bE.$gEžen$f1858-1931$4230$7ba
Заглавие Соната-баллада № 3 для скрипки соло
Автор Изаи, Эжен (композитор, скрипач, дирижер ; 1858-1931)
464 #0 - АНАЛИТИЧЕСКИЙ УРОВЕНЬ
Встроенное поле 2001#$aМелодия$eсоч. 42 № 3$fП. Чайковский
-- 50000$aВоспоминание о дорогом месте$iМелодия$bЗвукозапись$sсоч. 42 № 3$lцикл пьес$rскрипка$rфортепиано$7ca
-- 6890#$aЩ955.4-058.3(28)
-- 700#1$9z01790$aЧайковский$bП. И.$gПетр Ильич$f1840-1893$4070$7ca
-- 790#1$9z01700$aČajkovskij$bP. I.$gPetr Il'ič$f1840-1893$4070$7ba
Заглавие Мелодия
Автор Чайковский, Петр Ильич (1840-1893)
464 #0 - АНАЛИТИЧЕСКИЙ УРОВЕНЬ
Встроенное поле 2001#$aПолонез$eРе мажор$eсоч. 4$fГ. Венявский
-- 6061#$aПолонезы для скрипки и фортепиано$xЗвукозапись$yПольша$z19 век$2nlr_sh
-- 6890#$aЩ955.4-055(4П)
-- 700#1$9z01790$aВенявский$bГ.$gГенрик$f1835-1880$4230$7ca
-- 790#1$9z01700$aWieniawski$bH.$gHenryk$f1835-1880$4230$7ba
Заглавие Полонез
Автор Венявский, Генрик (1835-1880)
606 1# - НАИМЕНОВАНИЕ ТЕМЫ КАК ПРЕДМЕТ
Наименование темы Музыкальные конкурсы международные
Формальный подзаголовок Звукозапись
Код системы nlr_sh
606 1# - НАИМЕНОВАНИЕ ТЕМЫ КАК ПРЕДМЕТ
Наименование темы Скрипичная музыка
Формальный подзаголовок Звукозапись
Код системы nlr_sh
606 1# - НАИМЕНОВАНИЕ ТЕМЫ КАК ПРЕДМЕТ
Наименование темы Скрипачи советские российские
Хронологический подзаголовок 20-21 вв.
Формальный подзаголовок Звукозапись
Код системы nlr_sh
686 0# - ИНДЕКСЫ ДРУГИХ КЛАССИФИКАЦИЙ
Индекс Щ955.4я43
702 #1 - ИМЯ ЛИЦА - ВТОРИЧНАЯ ОТВЕТСТВЕННОСТЬ
Системный номер авторитетной/нормативной записи z04790
Начальный элемент ввода Лубоцкий
Часть имени, кроме начального элемента ввода М.Д.
Даты 1931-2021
Расширение инициалов личного имени Марк Давыдович
Код отношения Музыкант
--
Графика поля Кириллица
702 #1 - ИМЯ ЛИЦА - ВТОРИЧНАЯ ОТВЕТСТВЕННОСТЬ
Системный номер авторитетной/нормативной записи z05790
Начальный элемент ввода Мирвис
Часть имени, кроме начального элемента ввода Г. Г.
Дополнения к именам, кроме дат фортепиано
Даты 1930-2000
Расширение инициалов личного имени Генриетта Григорьевна
Код отношения Музыкант
--
Графика поля Кириллица
702 #1 - ИМЯ ЛИЦА - ВТОРИЧНАЯ ОТВЕТСТВЕННОСТЬ
Системный номер авторитетной/нормативной записи z06790
Начальный элемент ввода Ямпольский
Часть имени, кроме начального элемента ввода В. Е.
Даты 1905-1965
Расширение инициалов личного имени Владимир Ефимович
Код отношения Музыкант
--
Графика поля Кириллица
710 02 - НАИМЕНОВАНИЕ ОРГАНИЗАЦИИ - ПЕРВИЧНАЯ ОТВЕТСТВЕННОСТЬ
Начальный элемент ввода Лауреаты международного конкурса имени П. Чайковского
Код отношения Исполнитель
Графика поля Кириллица
790 #1 - ИМЯ ЛИЦА - АЛЬТЕРНАТИВНАЯ ФОРМА
Системный номер авторитетной/нормативной записи z04702
Начальный элемент ввода Lubockij
Часть имени, кроме начального элемента ввода M. D.
Даты 1931-2021
Расширение инициалов личного имени Mark Davidovič
Код отношения Музыкант
--
Графика поля Латинская
790 #1 - ИМЯ ЛИЦА - АЛЬТЕРНАТИВНАЯ ФОРМА
Системный номер авторитетной/нормативной записи z05702
Начальный элемент ввода Mirvis
Часть имени, кроме начального элемента ввода G.
Дополнения к именам, кроме дат piano
Даты 1930-2000
Расширение инициалов личного имени Genrietta
Код отношения Музыкант
--
Графика поля Латинская
790 #1 - ИМЯ ЛИЦА - АЛЬТЕРНАТИВНАЯ ФОРМА
Системный номер авторитетной/нормативной записи z06702
Начальный элемент ввода Jampol`skij
Часть имени, кроме начального элемента ввода V.
Даты 1905-1965
Расширение инициалов личного имени Vladimir
Код отношения Музыкант
--
Графика поля Латинская
801 #0 - ИСТОЧНИК ЗАПИСИ
Страна российская федерация
Организация NLR
Дата составления 20220324
Правила каталогизации PSBO
801 #1 - ИСТОЧНИК ЗАПИСИ
Страна российская федерация
Организация NLR
Дата составления 20220324
Источник данных rusmarc
801 #2 - ИСТОЧНИК ЗАПИСИ
Страна российская федерация
Организация NLR
Дата составления 20230320
852 ## - МЕСТОНАХОЖДЕНИЕ И ШИФР ХРАНЕНИЯ
Идентификатор организации NLR
Наименование фонда или коллекции (Sub-Location Identifier) Мг
Шифр хранения (Call Number) 2/2612
Страна
Номер экземпляра 1
942 ## - ДОПОЛНИТЕЛЬНЫЕ ЭЛЕМЕНТЫ ЗАПИСИ (АБИС)
Тип экземпляра АБИС Звукозапись
980 ## - КОЛЛЕКЦИЯ
Название коллекции Национальная библиография
980 ## - КОЛЛЕКЦИЯ
Название коллекции Отдел нот и звукозаписей
Экземпляры
Тип экземпляра Дата поступления Библиотека постоянного хранения Библиотека текущего хранения Место хранения Шифр хранения Статус не для выдачи
Звукозапись 24.03.2022 РНБ (Московский) РНБ (Московский) Фонд нот и звукозаписей 2/2612 2/2612